000 00394cam a22001337a 4500
008 180718b1982 xxu||||| |||| 00| 0 eng d
082 _aAPPPA 81-82 GOP
100 _aGopalakrishnan, C.K.
245 _aCargo clearance at a port
_cby C.K. Gopalakrishnan
260 _aNew Delhi
_bIndian Institute of Public Administration
_c1982
300 _a141p.
650 _aPort
650 _aCargo clearance
999 _c501329
_d501329